00240nam a22000857a 4500008004100000020001800041100002000059245004800079300002700127140211t xxu||||| |||| 00| 0 eng d a81-307-0612-1 aHarold J. Laski aThe American Presidency ban interpretation2 aviii p., 1 l, 278 p. ;